000 02019nam a2200529 i 4500
001 52773
003 KOSZ 005
005 20220908110353.0
008 220908s2005 pl a g 001 0 pol
015 _aUWD 2006/361
020 _a838858121X
035 _a991028923769705066
035 _a(PL-WaBN)b17821472-48omnis_nlop
035 _ab17821472
035 _a(OCoLC)69448988
035 _azz2005773497
035 _a(PL)b0000001782147
035 _a(EXLNZ-48OMNIS_NETWORK)9910181369005606
040 _aWA N
_cWA N
_dKOSZ 005/RW
046 _k2005
080 _a002.2(091)
080 _a(07)
100 1 _aBieńkowska, Barbara
_d(1934- )
_eAutor
245 1 0 _aKsiążka na przestrzeni dziejów /
_cBarbara Bieńkowska przy współpracy Elżbiety Maruszak ; [recenzent prof. dr hab. Marcin Drzewiecki].
260 _aWarszawa :
_bCentrum Edukacji Bibliotekarskiej, Informacyjnej i Dokumentacyjnej im. Heleny Radlińskiej,
_c2005.
300 _a350, [2] stron :
_bilustracje (w tym kolorowe) ;
_c25 cm.
336 _aTekst
_btxt
_2rdacontent
337 _aBez urządzenia pośredniczącego
_bn
_2rdamedia
338 _aWolumin
_bnc
_2rdacarrier
380 _aKsiążki
380 _aPublikacje dydaktyczne
388 1 _a2001-
504 _aBibliografia na stronach [277]-281 i przy rozdziałach. Indeks.
650 7 _aBiblioteki
_2DBN
650 7 _aBudowa książki
650 7 _aOkładki książkowe
655 7 _aKsiążki
_2DBN
655 7 _aPodręcznik
658 _aBibliotekarstwo, archiwistyka, muzealnictwo
658 _aHistoria
700 1 _aMaruszak, Elżbieta
_eAutor
700 1 _aDrzewiecki, Marcin
_d(1948-2012)
_eRecenzja
710 2 _aCentrum Edukacji Bibliotekarskiej, Informacyjnej i Dokumentacyjnej im. Heleny Radlińskiej (Warszawa)
_4pbl
856 _uhttp://koha.tu.koszalin.pl/cgi-bin/koha/opac-detail.pl?biblionumber=52773
_yKatalog online BPK
942 _2UKD
_cKS
999 _c52773
_d52773